Nové environmentálne spravovanie
Od riadenia k spravovaniu (from government to governance). Rastúca zložitosť a znížený vplyv národných štátov. Vyrovnávanie sa so zníženou suverenitou. Od riadenia k spravovaniu v krajinách strednej a východnej Európy.
Enregistré dans:
| Auteur principal: | |
|---|---|
| Format: | Chapitre de livre |
| Langue: | slovaque |
| Sujets: | |
| Tags: |
Pas de tags, Soyez le premier à ajouter un tag!
|
MARC
| LEADER | 00000naa a2200000 4500 | ||
|---|---|---|---|
| 001 | 0129823 | ||
| 005 | 20240502072503.6 | ||
| 041 | 0 | |a slo | |
| 044 | |a SK | ||
| 245 | 1 | 0 | |a Nové environmentálne spravovanie |c Katarína Belanová |
| 520 | |a Od riadenia k spravovaniu (from government to governance). Rastúca zložitosť a znížený vplyv národných štátov. Vyrovnávanie sa so zníženou suverenitou. Od riadenia k spravovaniu v krajinách strednej a východnej Európy. | ||
| 610 | 2 | 0 | |a správa spoločnosti |
| 610 | 2 | 0 | |a systémy riadenia |
| 610 | 2 | 0 | |a globalizácia |
| 610 | 2 | 0 | |a politika environmentálna |
| 610 | 2 | 0 | |a záujmy ekonomické |
| 610 | 2 | 0 | |a SVE |
| 100 | 1 | |a Belanová, Katarína, 1978- | |